| 000 | 00573nam a22002057a 4500 | ||
|---|---|---|---|
| 005 | 20140607042546.0 | ||
| 008 | 040330s2004 ja b 001 0 eng | ||
| 020 | _a9280810979 | ||
| 024 | 0 | _ceng | |
| 080 | _a338.1 | ||
| 245 | 0 | 0 | _aInnovation, learning, and technological dynamism of developing countries / |
| 250 | _a1 st.ed.: | ||
| 260 |
_aTokyo ; _aNew York : _bUnited Nations University Press, _c2004. |
||
| 300 |
_a242 f. ; _c23 cm. |
||
| 504 | _aIndex f.229-242 | ||
| 650 | 0 | _aTeknologjia | |
| 700 | 1 | _aMani, Sunil. | |
| 700 | 1 | _aRomijn, Henny. | |
| 942 |
_2udc _cBK |
||
| 999 |
_c484 _d484 |
||